01599njm a2200253Ia 450000100060000000300090000600500170001500800410003204000130007304000130008610000110009910000180011010000380012824500250016625000110019126000100020226000610021230000170027330000300029050000690032050508390038965000510122870000660127935985IT-RoPAU20220918181115.0131025s9999 xx 000 0 und d aIT-RoPAU cIT-RoPAU aAA.VV. eAutore musica gCodice autore musica SPICS: 12000 aOur Good Oldies Hits a1a ed. aJAPAN bDENON - PCMc1985 [1a Ed.:1985 - Ed. Lingua Orig.: 1985] aCOMPACT DISC c42 minuti (Testo: 8 pag.) aMusica pop. Piano bar. Musica strumentale. Brani di autori vari. aJailhouse Rock (3:00) - Hound Dog (3:00) - Return To Sender (2:00) - Don't Be Cruel (2:00) - Can't Help Falling In Love (2:00) - Lonesome Tonight? (2:00) - Heartbreak Hotel (2:00) - Kissin' On the Phone (4:00) - Little Darlin' (3:00) - Diana (3:00) - You Are My Destiny (3:00) - Louisiana Mama (3:00) - Be My Baby (3:00) - Who's Sorry Now (3:00) - Vacation (3:00) - Lipstick On Your Collar (3:00) - Calendar Girl (3:00) - Happy Birthday Sweet Sixteen (3:00) - Lonely Soldier Boy (3:00) - You Don't Know (2:00) - Rhythm of the Rain (2:00) - Don't Let Me Be (2:00) - Runaway (2:00) - Pretty Little Baby (4:00) - Sherry (4:00) - Itsy Bitsy Teenie Weenie Yellow Polkadot (4:00) - Bikini Love Potion n. 9 (4:00) - Love Letter In the Sand (3:00) - I'll Be Home (3:00) - Summer Holiday (3:00) - Lucky Lips (3:00) - Let's Make A Memory (3:00) aPOP [COMPACT DISC]eCodice MATERIA SPICS: 9949 aCosmoalpha (The) gCodice interprete SPICS: 17068eInterprete